Role otce ve vývoji dítěte [rukopis] : bakalářská práce / Petra Šimková ; vedoucí práce Zuzana Svobodová ; oponent práce Petr Jandejsek
Record details
- Physical Description: [75] l.
- Publisher: Praha : Univerzita Karlova v Praze, 2011
Content descriptions
| General Note: | Datum obhajoby: 30-06-2011 |
| Dissertation Note: | Bakalářská práce (Bc.)--Univerzita Karlova. Evangelická teologická fakulta, 2011 |
| Study Program Information Note: | Pastorační a sociální práce Sociální práce |
| Awards Note: | Výsledné hodnocení: Velmi dobře |
Search for related items by subject
| Subject: | otcovství otcové a děti |
| Genre: | bakalářské práce |
Available copies
- 1 of 1 copy available at Common Catalog SPOK.
Holds
- 0 current holds with 1 total copy.
Show Only Available Copies
| Location | Call Number / Copy Notes | Barcode | Shelving Location | Status | Due Date |
|---|---|---|---|---|---|
| Jabok Library | ABP-1779 | 424480026226 | Absolventské práce | Reference | - |
Electronic resources
Version of Resource: Zobrazení plného textu (Digitální archiv UK)
| LDR | 01389ntm a22003377a 4500 | ||
|---|---|---|---|
| 001 | 16290 | ||
| 003 | CZ-PrJAB | ||
| 005 | 20201008092110.0 | ||
| 008 | 110818s2011 xr |||||r|||||||||||cze|d | ||
| 035 | . | ‡a(CONS)16290 | |
| 035 | . | ‡a(CZ PrCU)001377979 | |
| 040 | . | ‡aABD162 ‡bcze ‡dABD027 | |
| 100 | 1 | . | ‡aŠimková, Petra ‡4dis |
| 245 | 1 | 0. | ‡aRole otce ve vývoji dítěte ‡h[rukopis] : ‡bbakalářská práce / ‡cPetra Šimková ; vedoucí práce Zuzana Svobodová ; oponent práce Petr Jandejsek |
| 246 | 3 | 3. | ‡aThe role of the father in child's development |
| 260 | . | ‡aPraha : ‡bUniverzita Karlova v Praze, ‡c2011 | |
| 300 | . | ‡a[75] l. | |
| 500 | . | ‡aDatum obhajoby: 30-06-2011 | |
| 502 | . | ‡aBakalářská práce (Bc.)--Univerzita Karlova. Evangelická teologická fakulta, 2011 | |
| 526 | 8 | . | ‡aPastorační a sociální práce |
| 526 | 8 | 1. | ‡aSociální práce |
| 586 | . | ‡aVýsledné hodnocení: Velmi dobře | |
| 650 | 0 | 7. | ‡aotcovství ‡7ph123863 ‡2czenas |
| 650 | 0 | 7. | ‡aotcové a děti ‡7ph123865 ‡2czenas |
| 655 | 7. | ‡abakalářské práce ‡7fd132403 ‡2czenas | |
| 700 | 1 | . | ‡aSvobodová, Zuzana, ‡d1973- ‡7xx0038691 ‡4ths |
| 700 | 1 | . | ‡aJandejsek, Petr, ‡d1975- ‡7jo2008480499 ‡4opn |
| 710 | 2 | . | ‡aUniverzita Karlova. ‡bEvangelická teologická fakulta ‡7kn20010710335 |
| 850 | . | ‡aETF | |
| 856 | 4 | 1. | ‡uhttps://is.cuni.cz/webapps/zzp/detail/108598/ ‡yZobrazení plného textu (Digitální archiv UK) |
| 910 | . | ‡aABG312 | |
| 901 | . | ‡a16290 ‡bCZ-PrJAB ‡c16290 ‡tbiblio | |